Soviet Studies <a> quarterly Journal on the USSR and Eastern Europe

Saved in:
Bibliographic Details
Format: Serial
Language:English
Published: London Longman 1989
Tags: Add Tag
No Tags, Be the first to tag this record!

MARC

LEADER 00000nas2a2200000 4500
001 s034372
005 20250730114145.1
041 0 |a eng 
044 |a GB 
245 1 0 |a Soviet Studies  |b <a> quarterly Journal on the USSR and Eastern Europe 
264 1 |a London  |b Longman  |c 1989 
300 |a 1 zv. 
773 0 |w eu_un_cat*s120786